[Event "Hradec Kralove Region-chT 0506"]
[Site "Czech Republic"]
[Date "2006.02.19"]
[Round "8.7"]
[White "Kiss, Jiri"]
[Black "Nedbal, Rudolf"]
[Result "1/2-1/2"]
[WhiteElo "1707"]
[BlackElo "1785"]
[PlyCount "83"]
[EventDate "2005.10.23"]
[EventType "team-tourn"]
[EventRounds "11"]
[EventCountry "CZE"]
[SourceTitle "EXT 2024"]
[Source "ChessBase"]
[SourceDate "2023.10.10"]
[SourceVersion "1"]
[SourceVersionDate "2023.10.10"]
[SourceQuality "1"]
[WhiteTeam "Dvur Kralove nad Labem"]
[BlackTeam "Jicin"]
[WhiteTeamCountry "CZE"]
[BlackTeamCountry "CZE"]

1. e4 c5 2. Nc3 Nc6 3. f4 e6 4. Nf3 a6 5. g3 b5 6. Bg2 Bb7 7. 0-0 Be7 8. Kh1 h5 9. h3 h4 10. g4 Nf6 11. Kh2 b4 12. Ne2 Nxe4 13. d3 Nd6 14. Be3 Nb5 15. Ne5 Qc7 16. Nxc6 Bxc6 17. Ng1 Bxg2 18. Kxg2 Bf6 19. Rb1 g6 20. Nf3 a5 21. Qe1 a4 22. Qf2 d6 23. d4 Rc8 24. dxc5 dxc5 25. Ne1 Nd4 26. Nd3 Qb7+ 27. Kh2 0-0 28. c3 Qb5 29. cxd4 cxd4 30. Bxd4 Qxd3 31. Rbd1 Bxd4 32. Rxd3 Bxf2 33. Rxf2 Rfd8 34. Rxd8+ Rxd8 35. g5 b3 36. axb3 axb3 37. Kg2 Rc8 38. Kf3 Rc2 39. Ke3 Rc1 40. Kd4 Rc2 41. Ke3 Rc1 42. Kd4 1/2-1/2